Fit to be occupied (Record no. 78322)

MARC details
000 -LEADER
fixed length control field 00747cab a2200193 4500
001 - CONTROL NUMBER
control field L136509
008 - FIXED-LENGTH DATA ELEMENTS--GENERAL INFORMATION
fixed length control field 070205n2007 000 0 eng u
035 ## - SYSTEM CONTROL NUMBER
System control number (Sirsi) u136509
041 0# - LANGUAGE CODE
Language code of text/sound track or separate title eng
100 1# - MAIN ENTRY--PERSONAL NAME
Personal name Shaw, Keith
245 00 - TITLE STATEMENT
Title Fit to be occupied
260 ## - PUBLICATION, DISTRIBUTION, ETC.
Date of publication, distribution, etc. 2007
490 00 - SERIES STATEMENT
Series statement Estates Gazette
Volume/sequential designation (0704) 27 January 2007, 182-183(2)
520 ## - SUMMARY, ETC.
Summary, etc. Discusses the definition of "vacant possession" which requires interpretation by lawyers, judges and laymen. Analyses the little case law in this area and focuses on two major issues that regularly affect the obligation to vacant possession. Offers constructive suggestions.
590 ## - LOCAL NOTE (RLIN)
Local note KA
651 #4 - SUBJECT ADDED ENTRY--GEOGRAPHIC NAME
Geographic name England
Chronological subdivision 886-
690 ## - LOCAL SUBJECT ADDED ENTRY--TOPICAL TERM (OCLC, RLIN)
Topical term or geographic name as entry element PROPERTY AND LAND LAW-AGENCY-RESIDENTIAL
942 ## - ADDED ENTRY ELEMENTS (KOHA)
Suppress in OPAC 0
Holdings
Withdrawn status Lost status Source of classification or shelving scheme Damaged status Not for loan Home library Current library Shelving location Date acquired Total Checkouts Full call number Barcode Date last seen Copy number Price effective from Koha item type
    Dewey Decimal Classification     London London Journal article 05/02/2007   L136509 136509-1001 06/08/2019 1 06/08/2019 Journal article